Isalmic Education (Dagree Classes) / (Record no. 186292)

000 -LEADER
fixed length control field 00679 a2200169 4500
003 - CONTROL NUMBER IDENTIFIER
control field NUST
005 - DATE AND TIME OF LATEST TRANSACTION
control field 20221207152717.0
040 ## - CATALOGING SOURCE
Transcribing agency Nust
082 ## - DEWEY DECIMAL CLASSIFICATION NUMBER
Classification number 297,BUK
100 ## - MAIN ENTRY--PERSONAL NAME
Personal name Bukhari.A.S
9 (RLIN) 8683
245 ## - TITLE STATEMENT
Title Isalmic Education (Dagree Classes) /
Statement of responsibility, etc. A.S Bukhari and Zafar
260 ## - PUBLICATION, DISTRIBUTION, ETC.
Place of publication, distribution, etc. Lahore
Name of publisher, distributor, etc. Aziz Book
Date of publication, distribution, etc. 2009
300 ## - PHYSICAL DESCRIPTION
Extent 495:p.:
505 ## - FORMATTED CONTENTS NOTE
Formatted contents note Study Of The Holy Quran (Page-17), Definition Of Selected Verses From The Holy Quran With Explanation (Page-145), Definition And Explanation Of Twenty Selected Ahadith (Page-281), Life Of The Holy Prophet Muhammad (SAW), (Page-365), Islamic Civilization (Page-435).
650 ## - SUBJECT ADDED ENTRY--TOPICAL TERM
Topical term or geographic name entry element Isalmic Education
9 (RLIN) 104360
942 ## - ADDED ENTRY ELEMENTS (KOHA)
Source of classification or shelving scheme
Koha item type Book
Call number prefix 297,BUK
Holdings
Withdrawn status Lost status Source of classification or shelving scheme Damaged status Not for loan Permanent Location Current Location Shelving location Date acquired Full call number Barcode Date last seen Price effective from Koha item type Public note
          Military College of Signals (MCS) Military College of Signals (MCS) General Stacks 12/12/2016 297,BUK MCS32800 12/08/2016 12/12/2016 Book Almirah No.47, Shelf No.1
          Military College of Signals (MCS) Military College of Signals (MCS) General Stacks 12/12/2016 297,BUK MCS34618 12/08/2016 12/12/2016 Book Almirah No.47, Shelf No.1
© 2023 Central Library, National University of Sciences and Technology. All Rights Reserved.